000
00330 a2200157 4500
001
162491
020
_a
040
_c
Magnum
100
_a
Carr, Stella
240
1
0
_a
O segredo do museu imperial
_l
por
245
1
0
_a
O segredo do museu imperial
362
0
_a
1899
440
1
_a
Moderna
697
_a
J/AVENTURA
942
_c
BK
999
_c
162491
_d
162491